Wrong Color Quiz Stats

 Plays Quiz Updated Jul 7, 2018

Score 0/10 Timer 00:30
11 Plays Today
Question Answer Wrong Answers
Pick the mismatched color. Brown
87.3%
Orange
0.3%
Green
0.4%
Pink
0.4%
Pick the mismatched color. Green
87.2%
Pink
0.3%
Purple
0.5%
Orange
0.4%
Pick the mismatched color. Orange
87.2%
Green
0.4%
Red
0.3%
Yellow
0.4%
Pick the mismatched color. Purple
87.1%
Blue
0.3%
Black
0.4%
Brown
0.5%
Pick the mismatched color. Yellow
87.1%
Black
0.6%
Purple
0.6%
Red
0.3%
Pick the mismatched color. Black
87%
Purple
0.6%
Blue
0.3%
Yellow
0.5%
Pick the mismatched color. Blue
86.9%
Black
0.6%
Orange
0.4%
Pink
0.3%
Pick the mismatched color. Red
86.5%
Brown
0.9%
Blue
0.4%
Yellow
0.5%
Pick the mismatched color. Black
86.3%
Brown
0.6%
Pink
0.3%
Yellow
0.5%
Pick the mismatched color. Pink
81.9%
Red
0.4%
Brown
6%
Green
0.5%

You're not logged in!

Compare scores with friends on all Sporcle quizzes.
OR
Log In

Sporcle TV

Today on Sporcle TV


Watch our educational content, quiz creation guides, and fun videos on Sporcle TV.

Show Comments

Extras

Top Quizzes Today


Score Distribution

Your Account Isn't Verified!

In order to create a playlist on Sporcle, you need to verify the email address you used during registration. Go to your Sporcle Settings to finish the process.

Report this User

Report this user for behavior that violates our Community Guidelines.

Details: